Analýza znečistenia životného prostredia odpadom v Európe s využitím viacrozmerných štatistických metód diplomová práca

Gespeichert in:
Bibliographische Detailangaben
1. Verfasser: Figurová, Kristína
Körperschaft: Fakulta hospodárskej informatiky EU. Katedra štatistiky
Weitere Verfasser: Sivašová, Daniela, 1955-
Format: Buch
Sprache:Slowakisch
Veröffentlicht: Bratislava 2019
Tags: Tag hinzufügen
Keine Tags, Fügen Sie das erste Tag hinzu!

MARC

LEADER 00000nbm a2200000 4500
001 0254242
005 20191205140014.0
041 0 |a slo 
044 |a SK 
245 1 0 |a Analýza znečistenia životného prostredia odpadom v Európe s využitím viacrozmerných štatistických metód  |b diplomová práca  |c Kristína Figurová ; školiteľ: Daniela Sivašová 
264 1 |a Bratislava  |c 2019 
300 |a 62 s. 
100 1 |a Figurová, Kristína 
700 1 |a Sivašová, Daniela, 1955- 
710 2 |a Fakulta hospodárskej informatiky EU. Katedra štatistiky